000 00496nam a2200181Ia 4500
005 20250508151141.0
008 008 250505s9999 xx 000 0 eng d
037 _aTextual
040 _aFEDL
_beng
_cFEDL
041 _aeng
_2eng
084 _a155.4, SAV
_qFEDL
245 0 _aPlay needs of the town child
260 _aLondon, UK
_bThe Save the Children Fund
_c1952
300 _a19p.
650 _aChild Psychology
942 _cTEXL
_h155.4, SAV
999 _c1327908
_d1327908